Buster contra la infección sentimental / (Registro nro. 42199)
[ vista simple ]
| 000 -CABECERA | |
|---|---|
| campo de control de longitud fija | 00748nam a2200205 a 4500 |
| 001 - NÚMERO DE CONTROL | |
| campo de control | 000042710 |
| 005 - FECHA Y HORA DE LA ÚLTIMA TRANSACCIÓN | |
| campo de control | 20201002040335.0 |
| 008 - DATOS DE LONGITUD FIJA--INFORMACIÓN GENERAL | |
| campo de control de longitud fija | 140205s1972 sp 000 0 spa d |
| 040 ## - FUENTE DE LA CATALOGACIÓN | |
| Centro catalogador/agencia de origen | DO-SdBNP |
| Lengua de catalogación | spa |
| Centro/agencia transcriptor | BNPHU |
| 082 ## - NÚMERO DE LA CLASIFICACIÓN DECIMAL DEWEY | |
| Número de clasificación | xxx |
| Número de documento/Ítem | xxx |
| 100 1# - ENTRADA PRINCIPAL--NOMBRE DE PERSONA | |
| Nombre de persona | Keaton, Buster, |
| Fechas asociadas al nombre | 1895-1966. |
| 9 (RLIN) | 70019 |
| 245 10 - MENCIÓN DE TÍTULO | |
| Título | Buster contra la infección sentimental / |
| Mención de responsabilidad, etc. | traducción, selección y montaje: Jos Oliver y José Luis Guarner. |
| 260 ## - PUBLICACIÓN, DISTRIBUCIÓN, ETC. | |
| Lugar de publicación, distribución, etc. | Barcelona : |
| Nombre del editor, distribuidor, etc. | Anagrama, |
| Fecha de publicación, distribución, etc. | 1972. |
| 300 ## - DESCRIPCIÓN FÍSICA | |
| Extensión | 119 p. ; |
| Dimensiones | 18 cm. |
| 490 1# - MENCIÓN DE SERIE | |
| Mención de serie | Cuadernos Anagrama |
| -- | cine |
| Designación de volumen o secuencia | 32 |
| 500 ## - NOTA GENERAL | |
| Nota general | Incluye referencias bilbiográficas y notas al pie de las páginas |
| 700 12 - PUNTO DE ACCESO ADICIONAL--NOMBRE DE PERSONA | |
| Nombre de persona | Oliver, Jos |
| Término indicativo de función/relación | tr. |
| 9 (RLIN) | 70020 |
| 700 12 - PUNTO DE ACCESO ADICIONAL--NOMBRE DE PERSONA | |
| Nombre de persona | Guarner, José Luis |
| Término indicativo de función/relación | tr. |
| 9 (RLIN) | 70021 |
| 830 #0 - PUNTO DE ACCESO ADICIONAL DE SERIE-TÍTULO UNIFORME | |
| Título uniforme | Cuadernos Anagrama ; |
| Nombre de parte o sección de la obra | cine |
| Número de parte o sección de la obra | 32 |
| 9 (RLIN) | 70022 |
| Estado de retiro | Estado de pérdida | Restricciones de uso | No para préstamo | Código de colección | Localización permanente | Ubicación/localización actual | Ubicación en estantería | Fecha de adquisición | Número de inventario | Total de préstamos | Signatura topográfica completa | Código de barras | Fecha visto por última vez | Precio válido a partir de | Tipo de ítem Koha |
|---|---|---|---|---|---|---|---|---|---|---|---|---|---|---|---|
| Excluido de préstamo | Monografías: Libros y Folletos | General | General | En catalogación | 05.02.2014 | LF1 | xxx xxx | 42710-10 | 25.06.2020 | 25.06.2020 | No se presta |
